000
00245nam a22000857a 4500
008
161205b xxu||||| |||| 00| 0 eng d
100
_9
1807
_a
Singh.M
245
_a
Refresher Course in Mathematics part-II
260
_a
NEW DELHI
_b
DHANPAT RAJ'S SONS
_c
1995
999
_c
4541
_d
4541